logo

Bir Sreshtho Munshi Abdur Rouf Library
Jhenaidah Cadet College

Official volleyball rules 2021-2024 / (Record no. 13539)

MARC details
000 -LEADER
fixed length control field 00704cam a2200229 a 4500
001 - CONTROL NUMBER
JCCL Control Number 13539
003 - CONTROL NUMBER IDENTIFIER
JCCL marc code BD-JhCC
005 - DATE AND TIME OF LATEST TRANSACTION
control field 20240121121614.0
008 - FIXED-LENGTH DATA ELEMENTS--GENERAL INFORMATION
fixed length control field 980819s1997 xnaa 000 0 eng d
035 ## - SYSTEM CONTROL NUMBER
system control number (BD-JhCC)13539
040 ## - CATALOGING SOURCE
Original cataloging agency WCX
Transcribing agency WCX
Modifying agency BD-JhCC
041 ## - LANGUAGE CODE
Language code of Book eng
082 04 - DEWEY DECIMAL CLASSIFICATION NUMBER
Classification number 796.325
DDC Edition number 21
Author mark and Year FIV 2022
110 2# - MAIN ENTRY--CORPORATE NAME
Corporate name or jurisdiction name as entry element Australian Volleyball Federation.
245 10 - TITLE STATEMENT
Title Official volleyball rules 2021-2024 /
Statement of responsibility, etc FIVB World Congress.
260 ## - PUBLICATION, DISTRIBUTION, ETC. (IMPRINT)
Place of publication, distribution, etc Concord, N.S.W. :
Name of publisher, distributor, etc The Federation;
Date of publication, distribution, etc 2022.
300 ## - PHYSICAL DESCRIPTION
Pagination 56 p. :
Other physical details ill. ;
Dimensions 28 cm.
500 ## - GENERAL NOTE
General note "Approved by the XXVth F.I.V.B. World Congress in Atlanta 1996."
650 #0 - SUBJECT ADDED ENTRY--TOPICAL TERM
Topical term or geographic name as entry element Volleyball
General subdivision Rules.
700 ## - ADDED ENTRY--PERSONAL NAME
Personal name Congress,FIVB World
942 ## - ADDED ENTRY ELEMENTS (KOHA)
Source of classification or shelving scheme Dewey Decimal Classification
Koha item type Books
Holdings
Source of classification or shelving scheme Damaged status Not for loan Home library Current library Shelving location Date of accession Total Checkouts Full call number Barcode Date last seen Copy number Method of acquisition Koha item type
Dewey Decimal Classification     JCC Rouf Library JCC Rouf Library General Stacks 01/24/2021   796.325 FIV 2022 18660 01/21/2024 C-1 Gift/Donation Books

JCC Library | Contacts | JCC Home

Last Update on 23 September 2017
Copyright @ 2017-2020 JCC Rouf Library
Rouf Library, Jhenidah Cadet College (JCC), Bangladesh